008580000a22001690004500090001200000100003600012245010100048260002500149300001200174500005900186502009700245520020600342001000500548942000700553952011100560999001700671 aT G215m1 aGarcía Restrepo, Carmen Delia10aLa Mujer : Bases bíblicas para el desarrollo de su ministerio / Carmen Delia García Restrepo aMedellín, Colombia a111 Pag aTesis (Licenciatura) - Seminario Bíblico de Colombia aMonitora: Lucy Larrahondo de Rodríguez; Jurado: Raúl Rodríguez; Jurado: Amira Valdés a- Misión a la luz de Mateo 28:16-20 - El lugar que Jesús le da a la mujer y su trascendencia a través del tiempo - Propuesta para el desarrollo del ministerio y misión de la mujer en la Iglesia5545 cBK 001040708TGaFUSBCbFUSBCd2004-12-15l0o T G215mp28992r2019-12-12 00:00:00t1w2016-01-26yTGB0C3 c35930d35930